000 00438nam a2200193Ia 4500
008 170705s9999 xx 000 0 und d
020 _a9780439846752
245 4 _aThe snow spider /
245 _cJenny Nimmo.
260 _aNew York :
260 _bOrchard Books,
260 _c1986
300 _a146 pages :
300 _bcolor illustration ;
300 _c22cm.
440 _aThe magician ;
440 _v1
500 _a810
999 _c336454
_d336454